<?xml version="1.0" encoding="UTF-8"?>
<collection xmlns="http://www.loc.gov/MARC21/slim">
 <record>
  <leader>01728nam a22002177a 4500</leader>
  <controlfield tag="001">NCT_78739</controlfield>
  <controlfield tag="008">200424b        xxu||||| |||| 00| 0 vie d</controlfield>
  <datafield tag="999" ind1=" " ind2=" ">
   <subfield code="c">3843</subfield>
   <subfield code="d">3843</subfield>
  </datafield>
  <datafield tag="020" ind1=" " ind2=" ">
   <subfield code="a">9786045720233</subfield>
   <subfield code="c">76000</subfield>
  </datafield>
  <datafield tag="082" ind1="0" ind2="4">
   <subfield code="2">23rd ed.</subfield>
   <subfield code="a">338.959779</subfield>
   <subfield code="b">H502</subfield>
  </datafield>
  <datafield tag="100" ind1="1" ind2=" ">
   <subfield code="a">Đào Duy Huân</subfield>
  </datafield>
  <datafield tag="245" ind1="1" ind2="0">
   <subfield code="a">Thúc đẩy chuyển dịch cơ cấu kinh tế, chuyển đổi mô hình tăng trưởng kinh tế Thành phố Hồ Chí Minh theo hướng cạnh tranh</subfield>
   <subfield code="c">Đào Duy Huân, Lương Minh Cừ (Chủ biên); Trần Nguyễn Ngọc Anh Thư (Biên soạn), ...</subfield>
  </datafield>
  <datafield tag="260" ind1=" " ind2=" ">
   <subfield code="a">H.</subfield>
   <subfield code="b">Chính trị quốc gia - sự thật</subfield>
   <subfield code="c">2015</subfield>
  </datafield>
  <datafield tag="300" ind1=" " ind2=" ">
   <subfield code="a">263 tr.</subfield>
   <subfield code="c">21cm</subfield>
  </datafield>
  <datafield tag="520" ind1="2" ind2=" ">
   <subfield code="a">Cuốn sách là thành quả nghiên cứu của đội ngũ các nhà khoa học về kinh tế về đề tài tái cơ cấu kinh tế, chuyển đổi mô hình kinh tế ở Thành phố Hồ Chí Minh trên cơ sở lý luận và thực tiễn của các quốc gia phát triển kinh tế đô thị. Cuốn sách sẽ là tài liệu tham khảo hữu ích cho việc nghiên cứu hoạch định chính sách cũng như gợi mở hướng đi mới cho việc phát triển kinh tế Thành phố Hồ Chí Minh.</subfield>
  </datafield>
  <datafield tag="653" ind1=" " ind2=" ">
   <subfield code="a">Quản trị kinh doanh</subfield>
  </datafield>
  <datafield tag="700" ind1="1" ind2=" ">
   <subfield code="a">Lương Minh Cừ</subfield>
   <subfield code="e">Chủ biên</subfield>
  </datafield>
  <datafield tag="700" ind1="1" ind2=" ">
   <subfield code="a">Trần Nguyễn Ngọc Anh Thư</subfield>
   <subfield code="e">Biên soạn</subfield>
  </datafield>
  <datafield tag="942" ind1=" " ind2=" ">
   <subfield code="2">ddc</subfield>
   <subfield code="c">BK</subfield>
  </datafield>
  <datafield tag="952" ind1=" " ind2=" ">
   <subfield code="0">0</subfield>
   <subfield code="1">0</subfield>
   <subfield code="2">ddc</subfield>
   <subfield code="4">0</subfield>
   <subfield code="6">338_959779000000000_H502</subfield>
   <subfield code="7">0</subfield>
   <subfield code="9">19474</subfield>
   <subfield code="a">000001</subfield>
   <subfield code="b">000001</subfield>
   <subfield code="d">2020-04-24</subfield>
   <subfield code="o">338.959779 H502</subfield>
   <subfield code="p">MD.17125</subfield>
   <subfield code="r">2020-04-24</subfield>
   <subfield code="v">76000.00</subfield>
   <subfield code="w">2020-04-24</subfield>
   <subfield code="y">BK</subfield>
  </datafield>
  <datafield tag="980" ind1=" " ind2=" ">
   <subfield code="a">Thư viện Trường Đại học Nam Cần Thơ</subfield>
  </datafield>
 </record>
</collection>
